000 00751nam a2200253Ia 4500
003 OSt
005 20250213142555.0
008 220923b |||||||| |||| 00| 0 eng d
020 _a9780719075391
037 _cGeneral Book
040 _aRTL
_cRTL
_beng
041 _2eng
_aeng
084 _aBObx
100 _aPemberton, Malcolm
_9295882
245 0 _aMathematics for economists
_b An introductory textbook
250 _a2nd
260 _aManchester
_bManchester University Press
_c2007
300 _axvi, 695p
650 _aEconomics
650 _aMathematics
700 _a Rau, Nicholas
_9295883
942 _hBObx, P7/TD
_cGB
_2CC
_n0
999 _c589125
_d589125